Electric-circuit theory / (Record no. 182042)
[ view plain ]
| 000 -LEADER | |
|---|---|
| fixed length control field | 01100 a2200193 4500 |
| 003 - CONTROL NUMBER IDENTIFIER | |
| control field | Nust |
| 005 - DATE AND TIME OF LATEST TRANSACTION | |
| control field | 20221125144038.0 |
| 020 ## - INTERNATIONAL STANDARD BOOK NUMBER | |
| International Standard Book Number | 0713133562 |
| 040 ## - CATALOGING SOURCE | |
| Transcribing agency | Nust |
| 082 ## - DEWEY DECIMAL CLASSIFICATION NUMBER | |
| Classification number | 621.3815,BEN |
| 100 ## - MAIN ENTRY--PERSONAL NAME | |
| Personal name | Benson, F. A. |
| 9 (RLIN) | 41142 |
| 245 ## - TITLE STATEMENT | |
| Title | Electric-circuit theory / |
| Statement of responsibility, etc. | F. A. Benson and D. Harrison |
| 260 ## - PUBLICATION, DISTRIBUTION, ETC. | |
| Place of publication, distribution, etc. | London |
| Name of publisher, distributor, etc. | E. Arnold |
| Date of publication, distribution, etc. | 1959 |
| 300 ## - PHYSICAL DESCRIPTION | |
| Extent | 371 p |
| Other physical details | illus |
| Dimensions | 23 cm |
| 505 ## - FORMATTED CONTENTS NOTE | |
| Formatted contents note | Introduction (Page-1), D.C. Circuits (Page-42), Single Phased A.C. Circuits (Page-42), Polyphase Circuits (Page-73), Complex Quantities (Page-87), The Use Of Complex Quantities In A.C. Circuits (Page-98), Subsidiary Network Theorems And Principles (Page-123), Coupled Circuits And Transformers (Page-153), Circle Diagrams And Inversion (Page-183), Non-Sinusoidal Waves (Page-198), Unbalanced Polyphase Circuits (Page-214), Transients (Page-240), Signal Flow Graphs (Page-276), Thermionic Valve Circuits (Page-285), Transistor Circuits (Page-416), Communication Circuits (Page-440), Electric Machines (Page-440). |
| 600 ## - SUBJECT ADDED ENTRY--PERSONAL NAME | |
| Personal name | Benson, F. A. |
| 9 (RLIN) | 41142 |
| 650 ## - SUBJECT ADDED ENTRY--TOPICAL TERM | |
| Topical term or geographic name entry element | Telecommunication engineering |
| 942 ## - ADDED ENTRY ELEMENTS (KOHA) | |
| Source of classification or shelving scheme | |
| Koha item type | Book |
| Withdrawn status | Lost status | Source of classification or shelving scheme | Damaged status | Not for loan | Permanent Location | Current Location | Shelving location | Date acquired | Full call number | Barcode | Date last seen | Price effective from | Koha item type | Public note |
|---|---|---|---|---|---|---|---|---|---|---|---|---|---|---|
| Military College of Signals (MCS) | Military College of Signals (MCS) | General Stacks | 12/12/2016 | 621.3815,BEN | MCS5388 | 12/08/2016 | 12/12/2016 | Book | Almirah No.35, Shelf No.5 |
